000 00912nam0a22002531 4500
001 rc\517473
005 20030616165057.1
035 _a(NLR Aleph) 005756918
090 _a4898740
_c4898740
100 _a20030616d1988 u |0rusy50 ca
101 0 _arus
102 _aRU
105 _aa |||||||||
200 1 _aСтатистическая динамика систем автоматического управления
_eУчеб. пособие
_fМ-во высш. и сред. спец. образования РСФСР, Тул. политехн. ин-т
210 _aТула
_cТулПИ
_d1988
215 _a60 с.
_cил.
_d20
320 _aБиблиогр.: с. 59
333 _aДСП. Экз. № 000003
700 1 _aОрлов
_bВ. Г.
_gВячеслав Георгиевич
801 0 _aRU
_bNLR
_gpsbo
801 1 _aRU
_bELAR
_2rusmarc
852 _aNLR
_j89-50К/6487
942 _cBOOK
980 _aNB